| 000 | 00785nam a2200241 a 4500 | ||
|---|---|---|---|
| 001 | BRCA_187 | ||
| 005 | 20190320202920.0 | ||
| 008 | 731212s1967----u--a#####b---#000-0#eng-# | ||
| 040 |
_aDLC _cDLC _dDLC |
||
| 041 | _aeng | ||
| 044 | _au | ||
| 050 | 4 |
_aNK5106 _b.K74 1967 |
|
| 100 | 1 |
_aKñpfer, Fritz _9685 |
|
| 245 | 1 | 0 |
_aGlass _ba world history : the story of 4000 years of fine Glass-Making _cby Fritz Kñpfer and Klaus G. Beyer ; translated and revised by Edmund Launert. |
| 260 |
_aGreenwich, Connecticut _bNew York Graphic Society _c1967 |
||
| 300 |
_a314 p. _bil. _c31 cm. |
||
| 504 | _aBibliografía: p. 295-315 | ||
| 650 | 1 | 4 |
_aCristalería _xHistoria _9686 |
| 653 | 0 | _aVidrio | |
| 700 | 1 |
_aBeyer, Klaus G. _ecoaut. _9687 |
|
| 700 | 1 |
_aLaunert, Edmund _etr. _9688 |
|
| 942 |
_2lcc _cB |
||
| 999 |
_c157 _d157 |
||